| 000 | 00930nam a22002537a 4500 | ||
|---|---|---|---|
| 005 | 20081106115756.0 | ||
| 008 | 081106t xxu||||| |||| 00| 0 ur d | ||
| 010 | _aUR-7306 | ||
| 020 | _c150.00 | ||
| 035 | _aU-5862 | ||
| 037 | _bD.B.Act / Pub | ||
| 082 | _a500 | ||
| 245 |
_aمولا ناآزاد کے سا ءنسی مضا مينر _c مر تبہ: وہا ب قيص |
||
| 246 |
_aMoulana Azad ke Sciencee Mazameen _bed by Wahab Qesar |
||
| 260 |
_aپٹنہ _bخدا بخش اور ينٹل پبلک لایبر يری _c2006 |
||
| 270 |
_bپٹنہ _e4 |
||
| 300 |
_a256P _b22 cm (Pbk.) |
||
| 650 | _aسا ءنسی مضا مين | ||
| 650 | _aScience | ||
| 700 | _aوہا ب قيصر | ||
| 710 | _aوہا ب قيصر | ||
| 942 |
_adpl _cUR _2ddc _h500 _mا ب و |
||
| 999 |
_c3043 _d3043 |
||